000 00386pab a2200157 454500
008 180718b1996 xxu||||| |||| 00| 0 eng d
100 _aDwivedy, Surendranath
245 _aIndian political scenario
260 _c1996
300 _ap.5-6
362 _a13 Oct
650 _aIndia - Politics and government
650 _aPolitics and government
773 _aJanata
909 _a32373
999 _c32373
_d32373